000 00675nam a2200181Ia 4500
008 100920s9999 xx 000 0 und d
082 _b18566
_a320 थ 67
100 _aपारगावकर वि. शं.
245 _aजगापुढील प्रश्नचिन्हे.
260 _bज्ञानराज प्रकाशन, पुणे 2.
_c1967
300 _a128
_bसाधी
365 _b4
520 _aराजकारण.
630 _aजगापुढील प्रश्नचिन्हे.
650 _aराजकारण.
730 _aजगापुढील प्रश्नचिन्हे.
942 _cBOOK
999 _c680144
_d680141